[Event "IPCA Wch-A 13th"]
[Site "Velke Losiny"]
[Date "2013.06.24"]
[Round "8"]
[White "Bernardi, Ruben"]
[Black "Obodchuk, Andrei"]
[Result "0-1"]
[WhiteElo "2079"]
[BlackElo "2410"]
[PlyCount "120"]
[EventDate "2013.06.18"]
[EventType "swiss"]
[EventRounds "9"]
[EventCountry "CZE"]
[SourceTitle "CBM 155 Extra"]
[Source "ChessBase"]
[SourceDate "2013.08.26"]
[SourceVersion "1"]
[SourceVersionDate "2013.08.26"]
[SourceQuality "1"]

1. e4 c5 2. Nf3 Nc6 3. d4 cxd4 4. Nxd4 Nf6 5. Nc3 d6 6. Bg5 e6 7. Qd2 a6 8. 0-0-0 h6 9. Bxf6 Qxf6 10. Kb1 Bd7 11. h4 Qxd4 12. Qxd4 Nxd4 13. Rxd4 Be7 14. Be2 Bc6 15. Rd3 Rd8 16. Bf3 Bf6 17. Ne2 Ke7 18. Nd4 Bd7 19. g3 g5 20. h5 Rhg8 21. g4 Be5 22. Re1 Rc8 23. Bg2 Rc5 24. Ne2 Rgc8 25. Rd2 Ba4 26. c3 Be8 27. Red1 b5 28. Nc1 Bf4 29. Rc2 Bxc1 30. Rdxc1 Re5 31. Rd2 Bc6 32. Rd4 f5 33. gxf5 exf5 34. Rcd1 Rd8 35. f3 fxe4 36. fxe4 Re6 37. c4 g4 38. cxb5 axb5 39. Rc1 Be8 40. Rc7+ Rd7 41. Rc8 Re5 42. Rd5 Rxd5 43. exd5 Bxh5 44. Bf1 Bg6+ 45. Kc1 Rb7 46. Kd2 Kf6 47. Ke3 Ke5 48. Rh8 h5 49. Rh6 Bf7 50. Rh7 b4 51. Bg2 Re7 52. Be4 Kf6 53. Rh6+ Kg5 54. Rxd6 h4 55. Kd4 h3 56. Rd8 g3 57. d6 g2 58. dxe7 g1Q+ 59. Kd3 Qg3+ 60. Kd4 Qc7 0-1

[Event "Ortisei Server24 op 2nd"]
[Site "Ortisei"]
[Date "2013.06.09"]
[Round "9"]
[White "Zucchelli, Massimo"]
[Black "Bernardi, Ruben"]
[Result "1-0"]
[WhiteElo "2186"]
[BlackElo "2079"]
[PlyCount "151"]
[EventDate "2013.06.01"]
[EventType "swiss"]
[EventRounds "9"]
[EventCountry "ITA"]
[SourceTitle "CBM 154 Extra"]
[Source "ChessBase"]
[SourceDate "2013.06.25"]
[SourceVersion "2"]
[SourceVersionDate "2013.06.25"]
[SourceQuality "1"]

1. d4 Nf6 2. c4 c5 3. d5 b5 4. Qc2 bxc4 5. e4 d6 6. Bxc4 Nbd7 7. Nf3 g6 8. 0-0 Bg7 9. h3 0-0 10. Nc3 Rb8 11. Re1 Nb6 12. Bf1 Bb7 13. a4 a6 14. a5 Na8 15. Bc4 Nc7 16. Qd3 Nd7 17. Bf4 Bc8 18. Ra2 f6 19. Re2 Kh8 20. b3 Qe8 21. h4 h6 22. g3 Qf7 23. Kg2 Ne5 24. Bxe5 fxe5 25. Ng1 Qe8 26. Reb2 Bf6 27. Na4 Rb4 28. Nb6 Kg7 29. Nxc8 Qxc8 30. Ra4 Qb8 31. Rxb4 Qxb4 32. Ra2 Rb8 33. Ne2 g5 34. h5 Qe1 35. Qf3 Kh8 36. Qc3 Qb1 37. Qc2 Qe1 38. Qd2 Qxd2 39. Rxd2 Nb5 40. Ra2 Kg8 41. g4 Kf7 42. Kf1 Ke8 43. Ke1 Kd7 44. Kd2 Kc7 45. Ra4 Kb7 46. Bxb5 axb5 47. Ra2 Ka6 48. Ng3 Bg7 49. Nf5 Bf8 50. Kc3 Rc8 51. Ne3 Bg7 52. b4 c4 53. Re2 Rf8 54. Nf5 Rf7 55. Re3 Bf8 56. Rf3 Rf6 57. Kc2 Rf7 58. Kd2 Rf6 59. Ke2 Rf7 60. Ra3 Rf6 61. Rf3 Rf7 62. Ra3 Rf6 63. Ne3 Rf4 64. f3 Rf6 65. Nxc4 bxc4 66. b5+ Ka7 67. a6 Bg7 68. b6+ Ka8 69. Rc3 Rf8 70. Rxc4 Bh8 71. Rc7 Bg7 72. Ke3 Kb8 73. Rb7+ Ka8 74. Rc7 Kb8 75. a7+ Ka8 76. Kd3 1-0